000 00358nam a2200145Ia 4500
008 230917s9999||||xx |||||||||||||| ||und||
040 _e116336
_aMAIN
041 _aEnglish
082 _a667.9 M992T
100 _aMyers, Raymond R, ed.
245 0 _aFilm-forming compoitions
260 _aNew York
_bMarcel Dekker
_c1967
300 _a564 p.
942 _cBK
999 _c230293
_d230293